000 01153nam a2200361Ia 4500
001 dia_5265
003 CHAP
005 20251023152811.0
008 220117s2012 xx 000 0 und d
010 _a176174
020 _a978-968-18-5915-2
040 _cCHAP
082 _a519.5 M66 2012
100 1 _aMontgomery, Douglas C.
_977928
245 _aProbabilidad y estadística aplicadas a la ingeniería /
_c Douglas C. Montgomery y George C. Runer ; traduccción Rodolfo Piña García
250 _a2a ed.
260 _aMéxico :
_b Limusa Wiley,
_c2012
300 _apag. variada
500 _aTítulo original: Applied statistics and probability for engineers
503 _aC.
504 _aBibliografía: p. C.1-4
590 _aQA276.12 M66 2012
650 _aEstadística
_938241
650 _aProbabilidades
_991687
650 _aProbability
_9158041
650 _aStatistics
_9144311
700 _aPiña García, Rodolfo
_9137897
700 1 _aRunger, George C.
_9158042
901 _a519.5 M66 2012
902 _aM
905 _a5232272012 mx aimn8222223322spa16
942 _cLIBRO
_2ddc
999 _c176174
_d176174